00520nam a2200181 a 450000100100000000500170001000800410002702000150006804000250008308200150010810000300012324500540015326000450020730000200025249000100027250000460028283000100032800004604820201002052614.0150612s2005 dr 000 p spa d a9993423904 aDO-SdBNPbspacBNPHU axxxxbxxxx1 aGaleano Lehmann, Mónica13aEl séptimo candado /cMónica Galeano Lehmann. aSanto Domingo :bAmigo del Hogar,c2005. a78 p. ;c22 cm.1 aUCADE aIncluye datos biográficos de la autora. 0aUCADE